अंतरिक्ष जगत की सैर / (Record no. 18549)

MARC details
000 -LEADER
fixed length control field 01306nam a22002657a 4500
005 - DATE AND TIME OF LATEST TRANSACTION
control field 20081117123210.0
008 - FIXED-LENGTH DATA ELEMENTS--GENERAL INFORMATION
fixed length control field 081117t xxu||||| |||| 00| 0 hin d
010 ## - LCCN (DPL NO)
LC control number HIN-84972
020 ## - INTERNATIONAL STANDARD BOOK NUMBER
Terms of availability 225.00
International Standard Book Number 9788190535519
035 ## - SYSTEM CONTROL NUMBER
System control number HN-57318
037 ## - SOURCE OF ACQUISITION
Source of stock number/acquisition DBAD / PUB
040 ## - CATALOGING SOURCE
Original cataloging agency DPL
Language of cataloging HN
082 ## - DEWEY DECIMAL CLASSIFICATION NUMBER
Classification number 520
100 ## - MAIN ENTRY--PERSONAL NAME
Personal name पाण्डेय, पवन कुमार
245 ## - TITLE STATEMENT
Title अंतरिक्ष जगत की सैर /
Statement of responsibility, etc पवन कुमार पाण्डेय
246 ## - VARYING FORM OF TITLE
Remainder of title by Pawan Kumar Pandey
Title proper/short title Antriksh jagat kii sair
260 ## - PUBLICATION, DISTRIBUTION, ETC. (IMPRINT)
Place of publication, distribution, etc रायबरेली
Name of publisher, distributor, etc वासुदेव प्रकाशन
Date of publication, distribution, etc 2008
270 ## - ADDRESS
Address दरियापुर चौराहा सलोन रोड़ मुंशीगंज
City रायबरेली
300 ## - PHYSICAL DESCRIPTION
Extent 208 पृ
Dimensions 22सेमी (सजिल्द)
650 ## - SUBJECT ADDED ENTRY--TOPICAL TERM
Topical term or geographic name as entry element खगोल विद्या
650 ## - SUBJECT ADDED ENTRY--TOPICAL TERM
Topical term or geographic name as entry element Astronomy
366 ## - TRADE AVAILABILITY INFORMATION
Detailed date of publication सुरैया खान, 48, मीना बाजार जामा मस्जिद, दिल्ली-110006 , 921399978
942 ## - ADDED ENTRY ELEMENTS (KOHA)
Source of classification or shelving scheme Dewey Decimal Classification
Item type Hindi Books
Call number suffix पाण्डेय
Classification part 520
Holdings
Withdrawn status Lost status Source of classification or shelving scheme Damaged status Not for loan Home library Current library Date acquired Cost, normal purchase price Total Checkouts Full call number Barcode Date last seen Copy number Cost, replacement price Koha item type
    Dewey Decimal Classification   Not For Loan D.B.Act.Division D.B.Act.Division 18/11/2008 225.00   520 पाण्डेय HN-57318 18/11/2008 1 225.00 Hindi Books

© Delhi Public Library
Hit Counter
free hit counter